फरासि प्रेमिक (Record no. 179980)

MARC details
000 -LEADER
fixed length control field 00575nam a2200181Ia 4500
008 - FIXED-LENGTH DATA ELEMENTS--GENERAL INFORMATION
fixed length control field 090124s9999 xx 000 0 und d
082 ## - DEWEY DECIMAL CLASSIFICATION NUMBER
Item number 32760
100 ## - MAIN ENTRY--PERSONAL NAME
Personal name वकील सुप्रिया
245 ## - TITLE STATEMENT
Title फरासि प्रेमिक
250 ## - EDITION STATEMENT
Edition statement 1
260 ## - PUBLICATION, DISTRIBUTION, ETC. (IMPRINT)
Name of publisher, distributor, etc नसरिन तसलिमा
Date of publication, distribution, etc 2004
300 ## - PHYSICAL DESCRIPTION
Extent 318
600 ## - SUBJECT ADDED ENTRY--PERSONAL NAME
Personal name वकील सुप्रिया
630 ## - SUBJECT ADDED ENTRY--UNIFORM TITLE
Uniform title फरासि प्रेमिक
700 ## - ADDED ENTRY--PERSONAL NAME
Personal name वकील सुप्रिया
730 ## - ADDED ENTRY--UNIFORM TITLE
Uniform title फरासि प्रेमिक
942 ## - ADDED ENTRY ELEMENTS (KOHA)
Koha item type Book
Holdings
Withdrawn status Lost status Damaged status Not for loan Home library Current library Date acquired Cost, normal purchase price Total Checkouts Full call number Barcode Date last seen Cost, replacement price Price effective from Koha item type
        Marathi Granth Sangrahalaya,Thane Marathi Granth Sangrahalaya,Thane   200.00   32760 THNMGS-32760 01/24/2009 200.00 01/24/2009 Book